000 00622nam a2200193 i 4500
001 104024
003 ES-MaACL
005 20230906183508.0
007 t|
008 051122s1972 sp ||||1| spa d
100 1 _aMeynaud, Jean.
_980816
245 1 3 _aEl deporte y la política /
_cpor Jean Meynaud ; prólogo por José Florit Capella... ; [traducida por Josep A. Pombo].
260 _aBarcelona :
_bHispano Europea,
_c1972.
300 _a325 p. ;
_c21 cm.
650 4 _aPolítica deportiva.
_9168891
700 1 _aFlorit, José.
_951348
700 1 _aPombo, Josep A.
_992907
852 _aES-MaACL
_jE-7979
_bR.92381
999 _c104024
_d104024